Представление документа в формате RUSMARC

ПолеНазваниеЗначение
  Тип записи a
  Библиографический уровень m
001 Контрольный номер 1ad954daf6c94094ac4000f9ed68aeeb
005 Дата корректировки 20230707133316.7
010 Индекс ISBN __
a ISBN 978-5-04-089081-1
b Уточнения Народная поэзия
010 Индекс ISBN __
a ISBN 978-5-04-089083
b Уточнения Золотая коллекция поэзии
d Цена 120-00
100 Данные общей обработки __
a Данные общей обработки 20210114d2017####am#y0rusy50######ca
101 Язык документа 0_
a Язык текста rus
102 Страна публикации __
a Страна публикации RU
200 Заглавие и сведения об ответственности 1_
a Заглавие Стихотворения
f Первые сведения об ответственности Николай Рубцов
210 Выходные данные 1_
a Место издания Москва
c Издательство Э
d Дата издания 2017
215 Физическое описание __
a Объем 349, [1] с.
225 Серия (Журнальная рубрика) 2_
a Серия (Журнальная рубрика) Серия "Народная поэзия"
225 Серия (Журнальная рубрика) 2_
a Серия (Журнальная рубрика) Серия "Золотая коллекция поэзии"
300 Общие примечания __
a Общие примечания Заглавие в макете и выпускных данных: Я буду долго гнать велосипед
327 Примечание о содержании 0_
a Примечание о содержании Содержание: В избе ; Дуэль ; О Пушкине ; На вокзале ; Тост ; Элегия ; Соловьи ; Левитан ; Мачты ; Товарищу ; Деревенские ночи ; Весна на море [и др.]
333 Примечание о целевом назначении __
a Примечание о целевом назначении 16+
464 Аналитический уровень _0
1 2001
a Элегия
464 Аналитический уровень _0
1 2001
a Весна на море
464 Аналитический уровень _0
1 2001
a Деревенские ночи
464 Аналитический уровень _0
1 2001
a Товарищу
464 Аналитический уровень _0
1 2001
a Мачты
464 Аналитический уровень _0
1 2001
a Левитан
464 Аналитический уровень _0
1 2001
a Соловьи
464 Аналитический уровень _0
1 2001
a Тост
464 Аналитический уровень _0
1 2001
a На вокзале
464 Аналитический уровень _0
1 2001
a О Пушкине
464 Аналитический уровень _0
1 2001
a В избе
464 Аналитический уровень _0
1 2001
a Дуэль
606 Тематические рубрики __
a Основная рубрика Художественная литература
606 Тематические рубрики __
a Основная рубрика Русская литература Новейшего времени (произведения)
610 Ключевые слова 0_
a Ключевые слова русская советская литература
a Ключевые слова стихи
a Ключевые слова поэзия
686 Индексы других классификаций __
a Индекс ББК 84(2=411.2)6-5я44
700 Автор _1
a Фамилия Рубцов
b Имя Н. М.
g Полное личное имя Николай Михайлович
f Даты 1936-1971
801 Источник записи _0
a Страна RU
b Организация Центральная районная библиотека им. Г. А. Пирожникова
c Дата составления 20210114
g Правила каталогизации bzbo
801 Источник записи _1
a Страна RU
b Организация Центральная районная библиотека им. Г. А. Пирожникова
c Дата составления 20210114
g Правила каталогизации bzbo
852 Данные о местонахождении __
j Шифр хранения 84(2=411.2)6
i Авторский знак Р 827
901 Тип документа __
t Тип документа m
902 Роль лиц __
a Создатель БЗ ОКиО/Шумских